Responses for Show #8171 - Monday, March 2, 2020

Contestants

[<< previous game]

Mandy DeLucia, a restaurant consultant from Newport Beach, California

Bruce Lou, a software engineer from San Francisco, California

Aaron Goetsch, a law student from Macomb, Michigan (whose 2-day cash winnings total $41,801)

[next game >>]

Jeopardy! Round responses

X-MEN: YOUNG & NOT AS YOUNG
THE 20th CENTURY
NOVEL CHARACTERS
STAY PROTECTED
WORDS FROM THE MAP
RUBRIC CUES
    $200 26
(Mandy: Who is, uh... Professor...)

Professor X (Charles Xavier)

AaronMandy
    $200 1
Lindbergh

Mandy
    $200 16
android

Bruce
    $200 21
a hardhat

Aaron
    $200 6
a duffel

Bruce
    $200 11
cut

Bruce
    $400 27
Wolverine

Bruce
    $400 2
Anita Hill

Bruce
    $400 17
Goodbye, Mr. Chips

Aaron
    $400 22
shin guards

Aaron
    $2,400 7
(Bruce: What is a stream?)

Niagara

Bruce
    $400 12
a bear

Aaron
    $600 28
Beast

Triple Stumper
    $600 3
the Bay of Pigs

Aaron
    $600 18
[NOTE: The book's title is The Age of Innocence.]

Age of Innocence

Aaron
    $600 23
(Aaron: What is the Secret Service?)

the Witness Protection Service (Program)

AaronBruce
    $600 8
Bohemia

Aaron
    $600 13
everything you read

Aaron
    $800 29
Magneto

Mandy
    $800 4
Watson & Crick

Bruce
    $800 19
(Alex: You knew that, Aaron?)
(Aaron: Yeah.)
(Alex: Should've rung in.)

Uncle Tom's Cabin

Triple Stumper
    $800 24
(Bruce: What are insurance policies?)
...
(Alex: Less than a minute now.)

sandbags

BruceMandy
    $800 9
oxford

Bruce
    $800 14
an engagement ring

Aaron
    $1000 30
Jean Grey

Triple Stumper
    $1000 5
Uganda

Bruce
    $1000 20
(Bruce: Who is Tristam Shandy?)
(Alex: Say it again.)
(Bruce: Tristam Shandy.)

Tristram Shandy

Bruce
Triple Stumper
    $1000 25
polarized

Bruce
    $1000 10
sedan

Bruce
    $1000 15
cuffs

Mandy

Scores at the first commercial break (after clue 15):

Aaron Bruce Mandy
$3,000 $2,000 $1,200

Scores at the end of the Jeopardy! Round:

Aaron Bruce Mandy
$4,200 $2,400 $2,600

Double Jeopardy! Round responses

MUSIC
THE TOOLSHED
MICRONESIA
CRANKY TV CHARACTERS
MOON ME
JUST "NO"
(Alex: "N-O" will begin each correct response.)
    $400 6
"Mars"

Bruce
    $400 24
needle nose

Aaron
    $400 1
(Bruce: What is Polynesia?)
(Aaron: What is Macronesia?)

Oceania

AaronBruce
Triple Stumper
    $400 21
Oscar the Grouch

Mandy
    $400 11
Luna

Bruce
    $400 16
noir

Bruce
    $800 7
a cello

Bruce
    $800 25
(Alex: Less than a minute now.)

Phillips

Bruce
    $800 5
atolls

Aaron
    $800 22
Moe

Aaron
    $800 12
Copernicus

Bruce
    $800 17
notion(s)

Triple Stumper
    $1200 8
allegro

Bruce
    $1200 26
a ball peen hammer

Mandy
    $1200 4
(Aaron: What is France?)

Spain

Aaron
Triple Stumper
    $1200 23
Squidward

Bruce
    $5,000 13
the harvest moon

Bruce
    $1200 18
Novocain

Mandy
    $1600 9
a gong

Bruce
    $1600 27
(Mandy: What is a socket wrench?)

a monkey wrench

Mandy
Triple Stumper
    $1600 2
Federated

Bruce
    $1600 29
[The end-of-round signal sounds.]

Lou Grant

Triple Stumper
    $1600 14
Nixon

Bruce
    $1600 19
(Mandy: What is no contest?)

nolo contendere

AaronMandy
    $3,000 10
(Bruce: What is "Clair de Lune"?)
(Alex: No. What is [*]?)
(Bruce: Ooh! [Exhales])
(Alex: "The Sea". "The Sea".)

"La Mer"

Bruce
    $2000 28
ratchet

Mandy
    $2000 3
betel

Bruce
    $2000 15
[No applause even though Bruce ran the category]

a gibbous

Bruce
    $2000 20
nopales

Mandy

Scores at the end of the Double Jeopardy! Round:

Aaron Bruce Mandy
$6,200 $18,800 $6,200
(lock game)

[wagering suggestions for these scores]

Final Jeopardy! Round responses

FROM THE DESK OF THE POPE
[Mandy's response was revealed first.]
AaronWhat are disciples?
$6,200
MandyWhat is Thank you?
$0
BruceWhat are soldiers??
$5,555
missionaries

Final scores:

Aaron Bruce Mandy
$0 $13,245 $6,200
3rd place: $1,000 New champion: $13,245 2nd place: $2,000

Game dynamics:

Coryat scores:

Aaron Bruce Mandy
$6,200 $20,400 $6,200
14 R,
3 W
25 R
(including 1 DD),
5 W
(including 2 DDs)
9 R,
3 W

Combined Coryat: $32,800

[game clues] [game scores] [suggest correction]

Game tape date: 2020-01-07
The J! Archive is created by fans, for fans. Scraping, republication, monetization, and malicious use prohibited; this site may use cookies and collect identifying information. See terms. The Jeopardy! game show and all elements thereof, including but not limited to copyright and trademark thereto, are the property of Jeopardy Productions, Inc. and are protected under law. This website is not affiliated with, sponsored by, or operated by Jeopardy Productions, Inc. Join the discussion at JBoard.tv.